Valoración geoeconómica del Caribe y las influencias de las grandes potencias / (Registro nro. 59)
[ vista simple ]
| 000 -CABECERA | |
|---|---|
| campo de control de longitud fija | 01347nam a22002417a 4500 |
| 003 - IDENTIFICADOR DEL NÚMERO DE CONTROL | |
| campo de control | OSt |
| 005 - FECHA Y HORA DE LA ÚLTIMA TRANSACCIÓN | |
| campo de control | 20190325192031.0 |
| 008 - DATOS DE LONGITUD FIJA--INFORMACIÓN GENERAL | |
| campo de control de longitud fija | 151207b xxu||||| |||| 00| 0 esp d |
| 040 ## - FUENTE DE LA CATALOGACIÓN | |
| Centro/agencia transcriptor | DO-SdBJH |
| Centro catalogador/agencia de origen | DO-SdBJH |
| Lengua de catalogación | spa |
| 090 ## - LOCALMENTE ASIGNADO TIPO-LC NÚMERO DE CLASIFICACIÓN (OCLC); NÚMERO DE CLASIFICACIÓN LOCAL (RLIN) | |
| Número de clasificación (OCLC) (R) ; Numero de clasificación, CALL (RLIN) (NR) | TG INEGEOFA |
| Número cutter local (OCLC) ; Número de libro/Signatura topográfica íntegra, CALL (RLIN) | 00064 2004 |
| 100 1# - ENTRADA PRINCIPAL--NOMBRE DE PERSONA | |
| Nombre de persona | Camejo Rodríguez, Carlos A. |
| Término indicativo de función/relación | sustentante |
| 245 ## - MENCIÓN DE TÍTULO | |
| Título | Valoración geoeconómica del Caribe y las influencias de las grandes potencias / |
| Mención de responsabilidad, etc. | Carlos A. Camejo Rodríguez ; Orlando González Rodríguez |
| 260 ## - PUBLICACIÓN, DISTRIBUCIÓN, ETC. | |
| Lugar de publicación, distribución, etc. | Santo Domingo : |
| Nombre del editor, distribuidor, etc. | INSUDE, |
| Fecha de publicación, distribución, etc. | 2004 |
| 300 ## - DESCRIPCIÓN FÍSICA | |
| Extensión | 69 hojas |
| 502 ## - NOTA DE TESIS | |
| Nota de tesis | Trabajo de grado (Estudios Geopolíticos). -- Instituto Superior para la Defensa (INSUDE). Instituto de Estudios Geopolíticos, 2004 |
| 504 ## - NOTA DE BIBLIOGRAFÍA, ETC. | |
| Nota de bibliografía, etc. | Incluye referencias bibliográficas e índice |
| 505 ## - NOTA DE CONTENIDO CON FORMATO | |
| Nota de contenido con formato | El Caribe. -- Marco histórico de la región del Caribe y la influencias de las grandes potencias. -- La crisis del modelo económico y su impacto en la región del Caribe. -- La región del Caribe, valoración Geoeconómica,desafíos y perspectivas de la región del Caribe, desde el punto de vista político económico<br/> |
| 650 #4 - PUNTO DE ACCESO ADICIONAL DE MATERIA--TÉRMINO DE MATERIA | |
| Término de materia o nombre geográfico como elemento de entrada | Geoeconomia-Gran Caribe |
| 650 #4 - PUNTO DE ACCESO ADICIONAL DE MATERIA--TÉRMINO DE MATERIA | |
| Término de materia o nombre geográfico como elemento de entrada | Geopolitica-Estados Unidos-Union Europea |
| 700 1# - PUNTO DE ACCESO ADICIONAL--NOMBRE DE PERSONA | |
| Nombre de persona | González Rodríguez, Orlando |
| Término indicativo de función/relación | sustentante |
| 830 ## - PUNTO DE ACCESO ADICIONAL DE SERIE-TÍTULO UNIFORME | |
| Título uniforme | INSUDE. Instituto de Estudios Geopoliticos. Tesis y disertaciones académicas |
| 942 ## - ELEMENTOS DE PUNTO DE ACCESO ADICIONAL (KOHA) | |
| Fuente del sistema de clasificación o colocación | Dewey Decimal Classification |
| Tipo de ítem Koha | Tesis |
| Estado de retiro | Estado de pérdida | Fuente del sistema de clasificación o colocación | Estado dañado | No para préstamo | Código de colección | Localización permanente | Ubicación/localización actual | Fecha de adquisición | Número de inventario | Total de préstamos | Signatura topográfica completa | Código de barras | Fecha visto por última vez | Número de copia | Precio válido a partir de | Tipo de ítem Koha |
|---|---|---|---|---|---|---|---|---|---|---|---|---|---|---|---|---|
| Clasificación Local | Préstamo Interno | Trabajos de Grado e Investigción | SIBM UNADE - Biblioteca Sede Central | SIBM UNADE - Biblioteca Sede Central | 12/07/2015 | 04-00064 | TG INEGEOFA 00064 2004 | 04-00064 | 10/06/2018 | ej.1 | 12/07/2015 | Tesis | ||||
| Clasificación Local | Préstamo Interno | Trabajos de Grado e Investigción | SIBM UNADE - Biblioteca Sede Central | SIBM UNADE - Biblioteca Sede Central | 12/07/2015 | 04-00065 | TG INEGEOFA 00064 2004 | 04-00065 | 10/06/2018 | ej.2 | 12/07/2015 | Tesis | ||||
| Clasificación Local | Préstamo Interno | Trabajos de Grado e Investigción | SIBM UNADE - Biblioteca Sede Central | SIBM UNADE - Biblioteca Sede Central | 12/07/2015 | 04-00069 | TG INEGEOFA 00064 2004 | 04-00069 | 10/06/2018 | ej.4 | 12/07/2015 | Tesis |
